Score 0/25 Timer 05:00
0 Plays Today
Score Country % Correct
86.1Spain
82.8%
80.8France
81.7%
82.9Italy
81.1%
84.8Portugal
76.3%
80.8Brazil
71%
87.6Mexico
69.8%
86.6Costa Rica
69.8%
81.0New Zealand
67.5%
90.6Panama
66.3%
79.1Chile
64.5%
80.0Ireland
62.7%
85.4Colombia
62.1%
81.7Nicaragua
59.8%
Score Country % Correct
92.7Ecuador
58%
77.0Guatemala
55%
82.0Uruguay
54.4%
84.6Thailand
53.8%
81.9Belize
53.8%
79.5Honduras
53.3%
78.1Dominican Republic
52.7%
86.1Malta
47.9%
67.3Vietnam
45%
76.3Philippines
42.6%
86.8Malaysia
41.4%
73.7Cambodia
38.5%
Remove Ads.
Support Sporcle.
Get the best of Sporcle when you Go Orange. This ad-free experience offers more features, more stats, and more fun while also helping to support Sporcle. Thank you for becoming a member.

You're not logged in!

Compare scores with friends on all Sporcle quizzes.
OR
Log In

Show Comments

Extras

Top Quizzes Today


Score Distribution

Your Account Isn't Verified!

In order to create a playlist on Sporcle, you need to verify the email address you used during registration. Go to your Sporcle Settings to finish the process.

Report this User

Report this user for behavior that violates our Community Guidelines.

Details: